Statistics for Territories of Nordic Countries

Click here to take the quiz!

General Stats

  • This quiz has been taken 45 times
  • The average score is 5 of 8

Answer Stats

Territory% Correct
Faroe Islands
97%
Greenland
97%
Svalbard
89%
Åland Islands
78%
Jan Mayen
50%
{Queen} {Maud} land
50%
Bouvet Island
44%
Peter I Island
33%

Score Distribution

Percentile by Number Answered

Percent of People with Each Score

Your Score History

You have not taken this quiz